| 000 | 00394nam a2200145Ia 4500 | ||
|---|---|---|---|
| 008 | 230917s9999||||xx |||||||||||||| ||und|| | ||
| 040 |
_e304 _aMAIN |
||
| 041 | _aEnglish | ||
| 082 | _a668.4227 L622S | ||
| 100 | _aLiebhafsky, Herman A | ||
| 245 | 0 | _aSilicons under the monogram: A story of industrial research | |
| 260 |
_aNew York _bJohn Wiley _c1978 |
||
| 300 | _axiv, 381 p. | ||
| 942 | _cBK | ||
| 999 |
_c195017 _d195017 |
||